000 01252cam a22003014a 4500
001 14123565
003 OSt
005 20171226101853.0
008 050928s2006 flua b 001 0 eng
010 _a 2005054864
_z 2005056892
_z 2005044776
020 _a9783540668084
040 _aDLC
_cDLC
_dDLC
042 _apcc
050 0 0 _aR856
_b.B513 2006
082 0 0 _a610.28
_222
245 0 4 _aThe biomedical engineering handbook /
_cedited by Joseph D. Bronzino.
250 _a3rd ed.
260 _aBoca Raton :
_bCRC/Taylor & Francis,
_c2006.
300 _a3 v. :
_bill. ;
_c27 cm.
440 4 _aThe electrical engineering handbook series
_95054
504 _aIncludes bibliographical references and index.
505 2 _a[v. 1]. Biomedical engineering fundamentals -- [v. 2]. Medical devices and systems -- [v. 3]. Tissue engineering and artificial organs.
650 0 _aBiomedical engineering.
_95584
700 1 _aBronzino, Joseph D.,
_d1937-
_95585
856 4 2 _3Publisher description
_uhttp://www.loc.gov/catdir/enhancements/fy0646/2005054864-d.html
942 _2ddc
_cBOOK
999 _c17475
_d251975